000 00546nam a2200193Ia 4500
005 20260429111953.0
008 260429s9999||||xx |||||||||||||| ||und||
020 _a9781800617216
041 _aEnglish
082 _a628.3
_bGRA
100 _aGray, Nicholas F.
245 0 _aAnaerobic wastewater treatment /
_cNicholas F. Gray
260 _aSingapore :
_bWorld Scientific Publishing,
_c2025.
300 _axvi, 408 p.; hb
650 _a Sewage treatment
650 _a Wastewater treatment
650 _aSanitary engineering
942 _cTB
999 _c51680
_d51680